| 000 | 00386nam a22001817a 4500 | ||
|---|---|---|---|
| 999 |
_c54377 _d54377 |
||
| 003 | OSt | ||
| 005 | 20260422141228.0 | ||
| 008 | 260422b ||||| |||| 00| 0 eng d | ||
| 020 | _a9789385998997 | ||
| 040 | _cMUIT | ||
| 082 | _a526.9 | ||
| 100 | _aLANDMAN KOOS | ||
| 245 | _aENGIN EERING SURVEYING | ||
| 250 | _a1 | ||
| 260 |
_aNEW DELHI _bMEDTECH |
||
| 300 | _a248 | ||
| 942 | _cBK | ||